Vista normal
Vista MARC
- Enfermedades transmisibles
Entrada Término temático
Número de registros utilizados en: 2
001 - NÚMERO DE CONTROL
- campo de control: 11617
003 - IDENTIFICADOR DE NÚMERO DE CONTROL
- campo de control: gtgcusco
005 - FECHA Y HORA DE LA ÚLTIMA TRANSACCIÓN
- campo de control: 20250311122638.0
008 - ELEMENTOS DE DATO DE LONGITUD-FIJA
- campo de control de longitud fija: 250311|| aca||aabn | a|a d
040 ## - FUENTE DE CATALOGACIÓN
- Centro catalogador/agencia de origen: gtgcusco
- Centro/agencia transcriptor: gtgcusco
150 ## - ENCABEZAMIENTO--TÉRMINO DE MATERIA
- Término de materia o nombre geográfico como elemento de entrada: Enfermedades transmisibles
- Subdivisión general: Prevención
670 ## - FUENTE DE DATOS ENCONTRADOS
- Cita de la fuente: Work cat.: (gtgcusco)4368: Tobar Quan, Diana Gabriela 11131, Evaluación del nivel de conocimiento de los odontólogos con respecto a las manifestaciones bucales y manejo en el consultorio de las enfermedades de transmisión sexual más frecuentes en el Municipio de Guatemala. Estudio piloto /, ag. 2007 CD

